<?xml version="1.0" encoding="UTF-8"?>
<record
    xmlns:xsi="http://www.w3.org/2001/XMLSchema-instance"
    xsi:schemaLocation="http://www.loc.gov/MARC21/slim http://www.loc.gov/standards/marcxml/schema/MARC21slim.xsd"
    xmlns="http://www.loc.gov/MARC21/slim">

  <leader>01228nam a22001697a 4500</leader>
  <controlfield tag="003">IT-RoPau</controlfield>
  <controlfield tag="005">20220918181218.0</controlfield>
  <controlfield tag="008">131203b        xxu||||| |||| 00| 0 eng d</controlfield>
  <datafield tag="040" ind1=" " ind2=" ">
    <subfield code="c">IT-RoPau</subfield>
  </datafield>
  <datafield tag="100" ind1=" " ind2=" ">
    <subfield code="a">Sbis&#xE0;, Nadia</subfield>
    <subfield code="9">5046</subfield>
  </datafield>
  <datafield tag="245" ind1=" " ind2=" ">
    <subfield code="a">Don Alberione apostolo di Maria</subfield>
  </datafield>
  <datafield tag="250" ind1=" " ind2=" ">
    <subfield code="a">1&#xB0; ed. ?</subfield>
  </datafield>
  <datafield tag="260" ind1=" " ind2=" ">
    <subfield code="a">Roma</subfield>
    <subfield code="b">IMSA</subfield>
    <subfield code="c">S.d.</subfield>
  </datafield>
  <datafield tag="300" ind1=" " ind2=" ">
    <subfield code="a">142 pp.</subfield>
    <subfield code="c">19 cm</subfield>
  </datafield>
  <datafield tag="520" ind1=" " ind2=" ">
    <subfield code="a">Indice

Introduzione
Virt&#xF9; di Maria
Fiducia, amore e abbandono a Maria
Maria apostola ed esempio all'apostolo
Maria e le vocazioni
La presenza di Maria nelle famiglie
Imitare e conformarsi a Maria
Maria SS.ma nel ministero sacerdotale
Maria singolarmente unita allo Spirito Santo, potente presso di Lui
Come pregare?
La preghiera a Maria: il Rosario
maria dispensatrice di grazie
Maria Madre della Chiesa
Maria nell'Apostolato
Consapevole della predilezione di Maria
Richieste a Maria
Privilegi, dignit&#xE0; e grandezza di Maria
Maria protettrice e guida
Fare conoscere Maria
Maria salvezza di tutti
Consigli alle persone
Maria nei messaggi augurali di D. Alberione
Qualche testimonianza sulla devozione mariana di D. Alberione
Don Alberione in preghiera a Maria
Conclusioni
Abbreviazioni
Cenni sulla vita di D. Giacomo Alberione </subfield>
  </datafield>
  <datafield tag="942" ind1=" " ind2=" ">
    <subfield code="2">ddc</subfield>
    <subfield code="c">BK</subfield>
  </datafield>
  <datafield tag="999" ind1=" " ind2=" ">
    <subfield code="c">104191</subfield>
    <subfield code="d">104191</subfield>
  </datafield>
  <datafield tag="952" ind1=" " ind2=" ">
    <subfield code="0">0</subfield>
    <subfield code="1">0</subfield>
    <subfield code="2">ddc</subfield>
    <subfield code="4">0</subfield>
    <subfield code="6">P_B2</subfield>
    <subfield code="7">1</subfield>
    <subfield code="a">PAULUS</subfield>
    <subfield code="b">PAULUS</subfield>
    <subfield code="d">2013-12-03</subfield>
    <subfield code="l">0</subfield>
    <subfield code="o">P B2</subfield>
    <subfield code="r">2013-12-03 00:00:00</subfield>
    <subfield code="w">2013-12-03</subfield>
    <subfield code="y">BK</subfield>
  </datafield>
</record>
